000 003870000a22001330004500
005 20120302063328.0
942 _cBOOK
100 _a KANITKAR, KELEN ; MACPHERSON , DUNCAN
245 _a ACCESSING HINDUISM
260 _aLONDON : MELISENDE
300 _a112 P.
040 _aENG
650 _aHINUISM / CASTE SYSTEM / FAITH/ MORAL / HINDU SCRIPTURE / MYTHOLOGICAL / RITUAL / FESTIVALS
999 _c359214
_d359211